000 00453nam a2200121Ia 4500
008 231221s9999 xx 000 0 und d
041 _aEnglish
082 _aQPMCPG08-1998
245 0 _aCommunication Management and Ethics [e resource : question paper] : Fifth sem MCA degree exam, Jun/Jul 08 (MCA53]
260 _c2008/07
_bVTU
_aBangalore
650 _aCommunication,Management,Ethics,[e,paper],Fifth,MCA,degree,exam,,Jun/Jul,08,(MCA53]
942 _cDL
999 _c208821
_d208821